Những biện pháp kỹ thuật mới cải tạo đất yếu trong xây dựng

में बचाया:
ग्रंथसूची विवरण
स्वरूप: पुस्तक
भाषा:Vietnamese
प्रकाशित: Giáo Dục 1996
विषय:
टैग : टैग जोड़ें
कोई टैग नहीं, इस रिकॉर्ड को टैग करने वाले पहले व्यक्ति बनें!
Thư viện lưu trữ: Mạng thư viện Đại học Đà Nẵng
LEADER 01037nam a2200301 a 4500
001 000003046
003 02613
005 20171229145311.0
008 171229s1996 vie
040 |a LSK 
041 0 |a VIE 
082 0 |a 624.151  |b Nh-B 
245 0 0 |a Những biện pháp kỹ thuật mới cải tạo đất yếu trong xây dựng  |c D.T. Bergado, J.C.Chai, M.C.Alfaro, A.S.Balasubramaniam 
260 |b Giáo Dục  |c 1996 
300 |a 196 pages  |c 27 cm 
653 |a Xây dựng - Đất 
852 |a Phòng Đọc - Phòng Mượn 
901 |a 18 
927 |a Sách tham khảo 
OWN |a LSK 
AVA |a UDN50  |b LSK  |d 624.151 Nh-B  |e check_holdings  |t Error 5003 Not defined in file expand_doc_bib_avail.  |h N  |k 1 
999 |a From the UDN01 
AVA |a UDN50  |b LSK  |d 624.151 Nh-B  |e available  |t Error 5001 Not defined in file expand_doc_bib_avail.  |f 18  |g 0  |h N  |i 0  |k 1 
TYP |a Monograph 
TYP |a Printed language 
980 |a Mạng thư viện Đại học Đà Nẵng